Justicia penal, derechos y garanta̕s

Detalles Bibliográficos
Autor principal: Andrš Ibę̀z, Perfecto
Formato: eBook
Lenguaje:español
Publicado: Lima : Editorial Palestra, 2007
Materias:
Acceso en línea:Acceso restringido

MARC

LEADER 00000nam a22000007a 4500
005 20120618165137.0
007 cr|||| ||||
008 120618s2007 pe |||||s|||| 00||0 spa d
020 |a 978-9972-224-54-6 
035 |a 6487 
040 |a vLex 
090 |c 3190  |d 3190 
100 1 |a Andrš Ibę̀z, Perfecto 
245 1 0 |a Justicia penal, derechos y garanta̕s   |h [Recurso electrn̤ico] /  |c Perfecto Andrš Ibę̀z  
256 |a Servicio en ln̕ea 
260 |a Lima :  |b Editorial Palestra,  |c 2007 
300 |a 1 recurso electrn̤ico 
506 1 |a Contenido solo disponible en los productos indicados   |d vLex Global   |d vLex Global (Academic Edition, excluding Law Schools)   |d vLex Global (U.S. Academic Edition, Law Schools)   |d vLex Global (U.S. Academic Edition, excluding Law Schools)   |d vLex Global (Academic Edition, Law Schools)  
650 0 4 |a Derecho penal  |z Per︢ 
740 0 |a vLex Libros (Servicio en ln̕ea) 
856 4 0 |u http://vlex.com/source/justicia-penal-derechos-garantias-6487  |z Acceso restringido  
942 |c BOOK 
999 0 |a Criminal law